000 00316nam a2200133Ia 4500
008 220204s9999 xx 000 0 und d
082 _a347.715
_bMAL
100 _aMalik, P L
245 0 _aIndustrial law
250 _aEd.12 & 13
260 _aLucknow
_bEastern book
_c1980
650 _aIndustrial law
942 _cBK
999 _c35593
_d35593